000
00254nam a22001097a 4500
082
_a
621.38152 PRI
100
_a
SHEA,R.F
_9
79515
245
_a
PRINCIPLES OF TRANSISTOR CIRCUITS
260
_a
USA
_b
JOHN WILEY & SONS
_c
1953
300
_a
535P
942
_c
BK
999
_c
584549
_d
584549